Fr. Conceicao Rodrigues College of Engineering

Tackling interview question in a week (Record no. 32766)

MARC details
000 -LEADER
fixed length control field 00311nam a2200145Ia 4500
082 ## - DEWEY DECIMAL CLASSIFICATION NUMBER
Classification number 658.3112
Item number SHA
100 ## - MAIN ENTRY--PERSONAL NAME
Personal name Shapiro/Mo/ Straw/Alison
245 ## - TITLE STATEMENT
Title Tackling interview question in a week
260 ## - PUBLICATION, DISTRIBUTION, ETC.
Name of publisher, distributor, etc. e
Date of publication, distribution, etc. 1999
300 ## - PHYSICAL DESCRIPTION
Extent 96
546 ## - LANGUAGE NOTE
Language note ENGLISH
654 ## - SUBJECT ADDED ENTRY--FACETED TOPICAL TERMS
Focus term interview
942 ## - ADDED ENTRY ELEMENTS (KOHA)
Koha item type BOOK
Holdings
Withdrawn status Lost status Damaged status Not for loan Collection Home library Current library Date acquired Total Checkouts Full call number Barcode Date last seen Price effective from Koha item type
        CRC Fr. Agnel's C.Rodrigues College of Engineering Fr. Agnel's C.Rodrigues College of Engineering 17/03/2023   658.3112 SHA 13587 17/03/2023 17/03/2023 BOOK